| 000 | 00797npc a2200217Ia 4500 | ||
|---|---|---|---|
| 001 | dg43-2272 [d000002386] | ||
| 003 | IT-MiCISF | ||
| 008 | 161014s9999||||xx | und|| | ||
| 040 |
_aIT-MiCISF _cIT-MiCISF |
||
| 041 | _aen | ||
| 100 | _aAkhter Farida | ||
| 240 | _aViolence of Population Control. Women of Bangladesh Narrating Their Experiences and Sufferings Under Population Control Programme | ||
| 245 | 0 | _aViolence of Population Control. Women of Bangladesh Narrating Their Experiences and Sufferings Under Population Control Programme | |
| 250 | _a1a ed. | ||
| 260 |
_a Dhaka (Bangladesh) _bUbinig _c1994 |
||
| 300 | _app. 28 | ||
| 500 | _a / pianificazione-familiare, sterilizzazione, esperienze / | ||
| 650 | _aprocreazione | ||
| 942 | _cDD | ||
| 957 | _71 | ||
| 999 |
_a2272 _bsi _g1 _c207510 _d207510 |
||